Words You Can Type Using Only the Top Row - Statistics

General Stats
  • This quiz has been taken 24 times
  • The average score is 6 of 22
Answer Stats
Hint Answer % Correct
Foot digit toe
86%
Strong cord rope
68%
Stringed toy yoyo
59%
Skin opening pore
50%
Compose write
50%
Shed tears weep
45%
Fencing sword épée
36%
Not within heterosexual norms queer
36%
Witty remark quip
36%
Hairpiece toupee
36%
Luggage carrier porter
23%
Creamy vegetable substance puree
18%
Small castle tower turret
18%
Genre of literature poetry
14%
Question query
14%
Flowing or rushing out freely outpour
9%
Preliminary model prototype
9%
Row or rank tier
9%
Soldiers or armed forces troop
9%
Test of sports potential tryout
9%
Cause or source of something root
5%
Recurrent theme or motif trope
5%
No matching quizzes found
Score Distribution
Percent of People with Each Score
Percentile by Number Answered
Your Score History
You have not taken this quiz